Fish locomotion (Record no. 11788)
[ view plain ]
| 000 -LEADER | |
|---|---|
| fixed length control field | 02762cam a2200325Ia 4500 |
| 001 - CONTROL NUMBER | |
| control field | SCP00NE0058PDF |
| 003 - CONTROL NUMBER IDENTIFIER | |
| control field | BD-DhSAU |
| 005 - DATE AND TIME OF LATEST TRANSACTION | |
| control field | 20151012144306.0 |
| 006 - FIXED-LENGTH DATA ELEMENTS--ADDITIONAL MATERIAL CHARACTERISTICS | |
| fixed length control field | m|||||o||d|||||||| |
| 007 - PHYSICAL DESCRIPTION FIXED FIELD--GENERAL INFORMATION | |
| fixed length control field | cr|||| |
| 008 - FIXED-LENGTH DATA ELEMENTS--GENERAL INFORMATION | |
| fixed length control field | 110413s2010 nhuadf sb 001 0 eng d |
| 020 ## - INTERNATIONAL STANDARD BOOK NUMBER | |
| International Standard Book Number | 9781439843123 (ebook : PDF) |
| 040 ## - CATALOGING SOURCE | |
| Original cataloging agency | BD-DhSAU |
| Transcribing agency | BD-DhSAU |
| 090 ## - LOCALLY ASSIGNED LC-TYPE CALL NUMBER (OCLC); LOCAL CALL NUMBER (OCLC) | |
| Classification number (OCLC) (R) ; Classification number, CALL (RLIN) (NR) | QL639.4 |
| Local cutter number (OCLC) ; Book number/undivided call number, CALL (RLIN) | .F57 2010 |
| 092 ## - LOCALLY ASSIGNED DEWEY CALL NUMBER (OCLC) | |
| Classification number | 597.157 |
| Item number | F532 |
| 245 00 - TITLE STATEMENT | |
| Title | Fish locomotion |
| Medium | [electronic resource] : |
| Remainder of title | an eco-ethological perspective / |
| Statement of responsibility, etc. | editors, Paolo Domenici, B.G. Kapoor. |
| 260 ## - PUBLICATION, DISTRIBUTION, ETC. (IMPRINT) | |
| Place of publication, distribution, etc. | Enfield, N.H. : |
| Name of publisher, distributor, etc. | Science Publishers, |
| Date of publication, distribution, etc. | c2010. |
| 300 ## - PHYSICAL DESCRIPTION | |
| Extent | xv, 534 p., [14] p. of plates : |
| Other physical details | ill. (some col.). |
| 504 ## - BIBLIOGRAPHY, ETC. NOTE | |
| Bibliography, etc | Includes bibliographical references and index. |
| 505 0# - FORMATTED CONTENTS NOTE | |
| Formatted contents note | 1. Waves and eddies : effects on fish behavior and habitat distribution / Paul W. Webb, Aline Cotel and Lorelle A. Meadows -- 2. Biomechanics of rheotactic behaviour in fishes / R.W. Blake and K.H.S. Chan -- 3. Fish guidance and passage at barriers / Theodore Castro-Santos and Alex Haro -- 4. Swimming strategies for energy economy / Frank E. Fish -- 5. Escape responses in fish : kinematics, performance and behavior / Paolo Domenici -- 6. Roles of locomotion in feeding / Aaron N. Rice and Melina E. Hale -- 7. Ecology and evolution of swimming performance in fishes : predicting evolution with biomechanics / R. Brian Langerhans and David N. Reznick -- 8. Sexual selection, male quality and swimming performance / Astrid Kodric-Brown -- 9. Environmental influences on unsteady swimming behaviour : consequences for predator-prey and mating encounters in teleosts / R.S. Wilson ... [et al.] -- 10. The effects of environmental factors on the physiology of aerobic exercise / D.J. McKenzie and G. Claireaux -- 11. Swimming speeds in larval fishes : from escaping predators to the potential for long distance migration / Rebecca Fisher and Jeffrey M. Leis -- 12. The role of swimming in reef fish ecology / Christopher J. Fulton -- 13. Swimming behaviour and energetics of free-ranging sharks : new directions in movement analysis / David W. Sims -- 14. The eco-physiology of swimming and movement patterns of tunas, billfishes, and large pelagic sharks / Diego Bernal ... [et al.] -- 15. Swimming capacity of marine fishes and its role in capture by fishing gears / Pingguo He. |
| 530 ## - ADDITIONAL PHYSICAL FORM AVAILABLE NOTE | |
| Additional physical form available note | Also available in print edition. |
| 538 ## - SYSTEM DETAILS NOTE | |
| System details note | Mode of access: World Wide Web. |
| 650 #0 - SUBJECT ADDED ENTRY--TOPICAL TERM | |
| Topical term or geographic name as entry element | Fishes |
| General subdivision | Locomotion. |
| 655 #7 - INDEX TERM--GENRE/FORM | |
| Genre/form data or focus term | Electronic books. |
| Source of term | lcsh |
| 700 1# - ADDED ENTRY--PERSONAL NAME | |
| Personal name | Domenici, P. |
| Fuller form of name | (Paolo) |
| 700 1# - ADDED ENTRY--PERSONAL NAME | |
| Personal name | Kapoor, B. G. |
| 776 1# - ADDITIONAL PHYSICAL FORM ENTRY | |
| International Standard Book Number | 9781578084487 |
| 776 1# - ADDITIONAL PHYSICAL FORM ENTRY | |
| International Standard Book Number | 1578084482 |
| 856 40 - ELECTRONIC LOCATION AND ACCESS | |
| Uniform Resource Identifier | <a href="http://marc.crcnetbase.com/isbn/9781439843123">http://marc.crcnetbase.com/isbn/9781439843123</a> |
| Electronic format type | application/PDF |
No items available.
